Guess the One Direction song with no hints #35 - Statistics

General Stats
  • This quiz has been taken 36 times
  • The average score is 103 of 192
Answer Stats
Answer % Correct
a
100%
I
100%
an
90%
and
90%
you
90%
you,
90%
the
87%
We
84%
we
84%
don't
77%
in
77%
who
77%
it
74%
it?
74%
no
74%
to
74%
so
71%
know
68%
for
65%
all,
61%
I'm
61%
too
58%
how
55%
it's
55%
It's
55%
yeah,
55%
made
52%
of
52%
way
52%
but
48%
cause
45%
had
45%
now
45%
down
42%
down,
42%
from
42%
got
42%
here
42%
long
42%
just
39%
up
35%
fire,
32%
couldn't
29%
never
29%
took
29%
late
26%
Built
23%
built
23%
away
19%
could've
19%
falling
19%
flames
19%
granted
19%
high
19%
ocean
19%
return
19%
Such
19%
try
19%
turn
19%
went
19%
around
16%
cathedral,
16%
Point
16%
prayed
16%
sailed
16%
struggle
16%
wave
16%
drowned
13%
forgive
13%
land
13%
struggling
13%
walked
13%
found
10%
island,
10%
mountain,
10%
planned
10%
spaceship,
10%
stranded
6%
No matching quizzes found
Score Distribution
Percent of People with Each Score
Percentile by Number Answered
Your Score History
You have not taken this quiz